000 00625cam a22002052 4500
001 0000019677
005 20151217145918.0
008 110119s xx 000 0 eng d
020 _a996673841X :
040 _aKABU
_cKABU
100 1 _aKaluma, Peter.
_@0000179548
245 1 0 _aJudicial review :
_blaw procedure and practice /
_cPeter Kaluma.
250 _a1st ed.
260 _aNairobi, Kenya :
_bLawAfrica,
_c2009.
300 _alv, 270p.
650 0 _aJudicial review of administrative acts
_zKenya.
_@0000160385
852 1 _9p1950 KES
908 _a110119
950 _@1
999 _c3990
_d3990